[Event "Provincial-ch Valencia Segunda"]
[Site "Valencia"]
[Date "2012.11.10"]
[Round "5"]
[White "Carrillo Ruiz, Manuel"]
[Black "Ots Navarro, Jose Maria"]
[Result "1-0"]
[WhiteElo "1628"]
[BlackElo "1850"]
[PlyCount "65"]
[EventDate "2012.10.06"]
[EventType "swiss"]
[EventRounds "7"]
[EventCountry "ESP"]
[SourceTitle "EXT 2024"]
[Source "ChessBase"]
[SourceDate "2023.10.10"]
[SourceVersion "1"]
[SourceVersionDate "2023.10.10"]
[SourceQuality "1"]

1. d4 d5 2. Nf3 Nf6 3. c4 dxc4 4. Nc3 e6 5. e3 Bb4 6. Qc2 Bxc3+ 7. bxc3 b5 8. a4 c6 9. Ba3 a6 10. Be2 Nd5 11. 0-0 Ne7 12. Ne5 Bb7 13. Bc5 Nd7 14. Rfd1 0-0 15. Bf3 Nxc5 16. dxc5 Qc8 17. Nd7 Rd8 18. Nb6 Rxd1+ 19. Rxd1 Qe8 20. Nxa8 Bxa8 21. axb5 cxb5 22. Bxa8 Qxa8 23. Qd2 h6 24. Qd8+ Qxd8 25. Rxd8+ Kh7 26. e4 f5 27. Re8 Ng6 28. c6 Nf4 29. Kf1 b4 30. cxb4 fxe4 31. c7 Nd5 32. c8Q Nxb4 33. Qc5 1-0